Riconosci il Pokémon - Quiz n°784 - Statistics

Statistiche generali
  • Questo quiz è stato fatto 0 volte
  • Il punteggio medio è 0 su 10
Statistiche sulle risposte
Indizio Riposta % Corretto
Altezza 0,5 m
0%
Tasso di cattura 140 (28%)
0%
Sesso 50% ♂, 50% ♀
0%
Peso 70,0 kg
0%
Stadio evoluzione Forma Base
0%
Abilità Idrorinforzo; Sabbiavelo
0%
Tasso di allevamento Medio-Veloce
0%
Pokémon Sandygast
0%
Generazione Settima
0%
Tipo Spettro / Terra
0%
Nessun quiz corrispondente trovato
Distribuzione punteggi
Percentuale di utenti per punteggio
Percentile per numero di risposta
I tuoi punteggi nel tempo
Non hai fatto questo quiz